[Event "Mephisto Cup (40/120')"]
[Site "?"]
[Date "2011.??.??"]
[Round "1"]
[White "Mephisto 68030, London"]
[Black "Mephisto 68030, Genius"]
[Result "1/2-1/2"]
[WhiteElo "2270"]
[BlackElo "2278"]
[Annotator "xchessg"]
[PlyCount "156"]
[SourceDate "2009.11.09"]

{Stil Riskant, Bauern 70%, Figuren 80%, Remisfaktor} 1. c4 Nf6 {[%eval 25,0]
Stil Aktiv, Remisfaktor} 2. Nc3 e6 3. Nf3 d5 4. d4 dxc4 5. e4 Bb4 6. Bg5 c5 7.
e5 cxd4 8. Qa4+ Nc6 9. O-O-O Bd7 10. Ne4 Be7 11. exf6 gxf6 12. Bh4 Rc8 13. Kb1
Na5 14. Qc2 e5 15. Nxd4 exd4 16. Rxd4 Qb6 17. Nxf6+ Bxf6 18. Qe4+ Kf8 19. Bxf6
Qxf6 20. Rxd7 Re8 21. Qd4 {[%eval 118,0] * Turnierbuch Modern;} Qxd4 {[%eval
-21,0] Turnierbuch normal;} 22. Rxd4 {[%eval 48,0]} Re1+ 23. Kc2 Ke7 24. g3 Rd8
25. Bg2 {[%eval 72,0]} Re2+ {[%eval -15,0]} 26. Kd1 Rxd4+ 27. Kxe2 Kd6 28. Rc1
b5 29. Rc3 b4 30. Rf3 {[%eval 63,0]} Ke6 {[%eval -39,0]} 31. Re3+ Kf6 32. Be4
b3 33. Bb1 h5 34. Rc3 Rd8 35. a3 {[%eval 51,0]} Re8+ {[%eval -21,0]} 36. Kd2
Rd8+ 37. Kc1 Rd5 38. Be4 Re5 39. f3 Kg7 40. Kd2 {[%eval 45,0]} f5 {[%eval -12,
0]} 41. Bb1 Rd5+ 42. Ke1 Re5+ 43. Kf2 Rd5 44. Ke1 Re5+ 45. Kf1 {[%eval 0,0]}
Rd5 {[%eval 0,0]} 46. Ke1 Re5+ 47. Kd1 Rd5+ 48. Kc1 Kf6 49. f4 Rd8 50. Re3 {
[%eval 24,0]} Nc6 {[%eval 12,0]} 51. Re2 Nd4 52. Rd2 Ke6 53. Rf2 a5 54. Rg2 a4
55. Rd2 {[%eval 0,0]} Rd5 {[%eval 33,0]} 56. h3 Kf6 57. Kd1 c3 58. bxc3 Nb5 59.
Rxd5 Nxc3+ 60. Kc1 {[%eval 0,0]} Nxd5 {[%eval 0,0]} 61. Bd3 h4 62. gxh4 Nxf4
63. Bb5 Ne6 64. Bxa4 Nd4 65. Bd7 {[%eval -87,0]} f4 {[%eval 54,0]} 66. Bg4 f3 {
[%eval 81,0]} 67. Bxf3 {[%eval -3,0]} Nxf3 {[%eval -3,0]} 68. a4 Nd4 69. a5 Kg6
70. a6 Nb5 {[%eval -72,0]} 71. Kb2 {[%eval 42,0]} Kh5 {[%eval -160,0]} 72. Kxb3
Kxh4 {[%eval -6,0]} 73. Kc4 Nd6+ 74. Kc5 Nc8 75. Kc6 Kxh3 76. Kc7 Na7 77. Kb7
Nb5 78. Kb6 Nd6 1/2-1/2

[Event "Mephisto Cup (40/120')"]
[Site "?"]
[Date "2011.??.??"]
[Round "2"]
[White "Mephisto 68030, Genius"]
[Black "Mephisto 68030, London"]
[Result "1/2-1/2"]
[WhiteElo "2278"]
[BlackElo "2270"]
[Annotator "xchessg"]
[PlyCount "160"]
[SourceDate "2009.11.09"]

{Stil Aktiv; Remisfakt} 1. e4 c5 {[%eval 75,0] Stil Riskant; bauern 70%,
Figuren 80%; Remisfaktor} 2. Nf3 e6 3. d4 cxd4 4. Nxd4 a6 5. c4 Nf6 6. Nc3 Bb4
7. Bd3 Nc6 8. Nxc6 dxc6 9. e5 Qa5 10. exf6 Bxc3+ 11. bxc3 Qxc3+ 12. Bd2 Qxd3
13. fxg7 Rg8 14. Bh6 Qc3+ 15. Kf1 Qxc4+ 16. Kg1 Qh4 {[%eval 72,0] Turnierbuch
Modern;} 17. Qd2 {[%eval -18,0] Turnierbuch normal;} f6 18. Rb1 Kf7 19. h3 {a
Tempo} a5 20. Rb3 {[%eval -51,0] a Tempo;} e5 {[%eval 84,0]} 21. a3 f5 22. Qd6
Qe7 23. Qxe7+ Kxe7 24. Kh2 Kf7 25. Rd1 {[%eval -21,0]} Ra6 {[%eval 39,0]} 26.
Rd6 Ke7 27. Rd1 a4 28. Re3 e4 29. f3 c5 30. Bf4 {[%eval -24,0]} Rxg7 {[%eval
54,0]} 31. fxe4 fxe4 32. Rxe4+ Be6 33. Rc1 b6 34. Rcc4 Kd7 35. Rxa4 {[%eval
-33,0]} Rxa4 {[%eval 54,0]} 36. Rxa4 Kc6 37. g4 Kb5 38. Re4 Bb3 39. Kg3 Ra7 40.
Bc1 {[%eval -45,0]} Bc4 {[%eval 57,0]} 41. Kf4 Bd5 42. Re3 Rf7+ 43. Ke5 Bc4 44.
Rc3 Rf8 45. Bf4 Rg8 46. Rc2 Ra8 47. Rc3 Rf8 48. Rc2 Bb3 49. Rc3 Bf7 50. Rd3 {
[%eval -33,0]} Rc8 {[%eval 48,0]} 51. Kf6 c4 52. Rc3 Bd5 53. Ke5 Bg2 54. Rg3
Re8+ 55. Kd6 {[%eval -39,0]} Bf1 {[%eval 51,0]} 56. Kd5 Bd3 57. Bd6 Be4+ 58.
Kd4 Rd8 59. Ke5 Bd3 60. Kd5 Ka4 61. Kc6 b5 62. g5 Rxd6+ {[%eval 72,0]} 63. Kxd6
{[%eval -106,0]} Kxa3 64. h4 b4 65. h5 {[%eval -239,0]} b3 {[%eval 203,0]} 66.
g6 hxg6 67. h6 {[%eval -281,0]} g5 68. Kc5 Ka4 69. Rxd3 cxd3 70. h7 {[%eval
-96,0]} b2 {[%eval 93,0]} 71. h8=Q b1=Q 72. Qd4+ Kb3 73. Qc4+ Kb2 74. Kd4 Qg1+
75. Kxd3 {[%eval -63,0]} Qf1+ {[%eval 12,0]} 76. Kd4 Qf4+ 77. Kd3 Qf3+ 78. Kd2
Qf2+ 79. Kd3 Qg3+ 80. Kd2 Qg2+ 1/2-1/2

[Event "Mephisto Cup (40/120')"]
[Site "?"]
[Date "2011.??.??"]
[Round "3"]
[White "Mephisto 68030, London"]
[Black "Mephisto 68030, Genius"]
[Result "0-1"]
[WhiteElo "2270"]
[BlackElo "2278"]
[Annotator "xchessg"]
[PlyCount "110"]
[SourceDate "2009.11.09"]

{Stil Riskant, Bauern 70%, Figuren 80%, Remisfakt} 1. e4 e5 {[%eval 25,0] Stil
Aktiv, Remisfakt} 2. Nf3 Nc6 3. Nc3 Nf6 4. Bb5 Bb4 5. O-O O-O 6. d3 Bxc3 7.
bxc3 Qe7 8. Bc4 Na5 {[%eval -3,0] Turnierbuch, normal;} 9. Bb3 {[%eval 106,0]
Turnierbuch klassik;} d6 10. h3 b6 11. Bg5 h6 12. Bh4 Bb7 13. Nd2 Nxb3 14. axb3
Qe6 15. Qf3 {[%eval 103,0]} Nd7 {[%eval -3,0]} 16. d4 a5 17. d5 Qg6 18. c4 f5
19. exf5 Rxf5 20. Qg4 Qxg4 {[%eval 75,0]} 21. hxg4 {[%eval 12,0]} Rf4 22. f3
Re8 23. Bf2 Rf7 24. Be3 Ref8 25. g5 {[%eval 42,0]} hxg5 {[%eval 6,0]} 26. Bxg5
Bc8 27. Ne4 Nf6 28. Ng3 Bd7 29. Bd2 Re8 30. Rfe1 {[%eval 48,0]} Rfe7 {[%eval 0,
0]} 31. Bc3 Kf7 32. Kf1 g5 33. Bd2 Kg6 34. Kf2 Rf7 35. Rh1 {[%eval 18,0]} g4 {
[%eval 24,0]} 36. Ke2 Rg8 37. f4 exf4 38. Bxf4 Ne4 39. Nxe4 Rxf4 40. Ke3 {
[%eval 30,0]} Rf5 {[%eval 27,0]} 41. Rhf1 Rgf8 42. Ng3 Rxf1 43. Rxf1 Rxf1 44.
Nxf1 Kf5 45. Ng3+ {[%eval -15,0]} Ke5 {[%eval 33,0]} 46. Ne2 c5 47. dxc6 Bxc6
48. Nf4 d5 49. cxd5 Bxd5 50. c4 Be4 {[%eval 24,0]} 51. Nd3+ {[%eval 0,0]} Bxd3
{[%eval 175,0] a Tempo} 52. Kxd3 {[%eval -109,0]} Kf4 53. Ke2 Ke4 54. g3 Kd4
55. Kd2 {[%eval -566,0]} a4 {[%eval 651,0]} 0-1

[Event "Mephisto Cup (40/120')"]
[Site "?"]
[Date "2011.??.??"]
[Round "4"]
[White "Mephisto 68030, Genius"]
[Black "Mephisto 68030, London"]
[Result "1/2-1/2"]
[WhiteElo "2278"]
[BlackElo "2270"]
[Annotator "xchessg"]
[PlyCount "83"]
[SourceDate "2009.11.09"]

{Stil Aktiv; Remisfakt} 1. d4 d5 {Stil Riskant; Remis fakt +0.75; Bauern 70%,
Figuren 80%} 2. c4 c6 3. Nf3 Nf6 4. Nc3 dxc4 5. a4 Bf5 6. e3 e6 7. Bxc4 Bb4 8.
O-O Nbd7 9. Nh4 Bg6 10. Qb3 a5 11. g3 Qb6 12. Nxg6 hxg6 13. Rd1 O-O-O 14. Bf1
g5 15. Na2 Ng4 16. Nxb4 {[%eval 93,0] *Turnierbuch normal;} Rxh2 17. Be2 {
[%eval 130,0]} Ndf6 18. Rf1 {[%eval 112,0]} Rdh8 19. Bf3 {[%eval 43,0]} Qxb4 {
[%eval 54,0] * Turnierbuch Klassik;} 20. Qxb4 {[%eval 18,0]} axb4 {[%eval 24,0]
} 21. Bd2 e5 22. Bxb4 e4 23. Bg2 Re8 24. a5 Nd5 25. Bc5 {[%eval 27,0]} Nc7 26.
Rfc1 f5 27. Bd6 Nb5 28. Be5 Rh6 29. Bxg7 Rh7 30. Be5 {[%eval 33,0]} Nxe5 {
[%eval 3,0]} 31. dxe5 Rxe5 32. a6 Kb8 33. g4 f4 34. exf4 gxf4 35. Re1 {[%eval
0,0]} e3 {[%eval 42,0]} 36. axb7 Kxb7 37. Ra4 Rd7 38. fxe3 fxe3 39. Re4 Rxe4
40. Bxe4 {[%eval 33,0]} Rg7 {[%eval -12,0]} 41. Rxe3 Rxg4+ 42. Kf2 {als Remis
abgebrochen...} 1/2-1/2

[Event "Mephisto Cup (40/120')"]
[Site "?"]
[Date "2011.??.??"]
[Round "5"]
[White "Mephisto 68030, London"]
[Black "Mephisto 68030, Genius"]
[Result "1-0"]
[WhiteElo "2270"]
[BlackElo "2278"]
[Annotator "xchessg"]
[PlyCount "177"]
[SourceDate "2009.11.09"]

{Stil Aktiv, RF} 1. e4 e5 {[%eval 75,0] Stil Riskant, Bauer 70%, Figuren 80%,
RF} 2. Nf3 Nf6 3. Nxe5 d6 4. Nf3 Nxe4 5. d4 d5 6. Bd3 Nc6 7. O-O Be7 8. c4 Nb4
9. Be2 O-O 10. Nc3 Be6 11. Be3 Nxc3 12. bxc3 Nc6 13. cxd5 Bxd5 14. c4 Be4 {
[%eval -39,0] *Turnierbuch normal;} 15. Bd3 Bxd3 16. Qxd3 Qd6 17. Rab1 b6 18.
d5 {[%eval 66,0] *Turnierbuch normal;} Rad8 {[%eval 24,0]} 19. Rfe1 Bf6 20. Bg5
Nb8 {[%eval -9,0] a Tempo;} 21. Qf5 {[%eval 93,0]} Nd7 22. Bxf6 {a Tempo} Nxf6
23. Ne5 g6 {a Tempo} 24. Qf3 Rde8 25. Nc6 {[%eval 54,0]} a6 {[%eval 39,0]} 26.
h3 Kg7 27. Qc3 Qc5 28. Nb4 $6 (28. g4 $1 $18 {[%emt 0:00:10] Junior}) 28... a5
(28... b5) 29. Nd3 Rxe1+ 30. Rxe1 {[%eval 51,0]} Qd6 {[%eval -3,0]} 31. Re3 Kg8
32. Ne5 {a Tempo} Ra8 33. Qd4 a4 34. g4 {a Tempo} Ne8 35. Rf3 {[%eval 66,0]} f6
{[%eval -36,0]} 36. Nc6 Qc5 {a Tempo} 37. Qxc5 $6 (37. Qc3 Qf8 38. g5 $18 {
[%emt 0:00:10] Junior}) (37. Qe4 $5) 37... bxc5 38. Kf1 a3 39. Ke2 Nd6 40. Rc3
{[%eval 42,0]} h5 {[%eval -21,0]} 41. f3 Kg7 42. Kd3 Kh6 43. f4 Re8 44. gxh5
Kxh5 45. Rxa3 {[%eval 18,0]} Re4 {[%eval 36,0]} 46. Ra7 Rxf4 {a Tempo} 47. Rxc7
Rf3+ 48. Kc2 Rxh3 49. Na5 Kg5 50. Rxc5 {[%eval 15,0]} Ra3 {[%eval 9,0]} 51. Rc6
Ne4 52. Nb3 Rxa2+ 53. Kd3 f5 54. Kd4 {a Tempo} Rb2 55. Nc1 {[%eval 45,0]} Nf2 {
[%eval -12,0]} 56. d6 Kf6 57. c5 {a Tempo} f4 58. Rc8 g5 $2 (58... Rd2+ $142
$14 {[%emt 0:00:10] Junior}) 59. Kd5 $2 (59. Rf8+ $18) (59. Re8 $18) 59... Rd2+
{a Tempo} 60. Kc6 Ng4 {[%eval -54,0]} 61. Kc7 $2 {[%eval 84,0]} (61. Kb7 $16 {
[%emt 0:00:10] Junior}) 61... Ne5 {[%eval -9,0]} 62. Rf8+ Nf7 $2 (62... Ke6 $11
) 63. Nb3 {a Tempo} Rd5 {[%eval -169,0]} 64. d7 {[%eval 106,0]} g4 65. c6 $6 (
65. d8=Q+ Rxd8 66. Rxf7+ Kxf7 67. Kxd8 g3 (67... f3 68. Nd2) 68. Nd2 $18) 65...
g3 66. Rg8 Ke7 67. Kb6 $1 Rxd7 68. cxd7 Kxd7 69. Nc5+ Kd6 70. Nd3 {[%eval 472,
0]} Kd5 {[%eval -215,0]} 71. Nxf4+ Ke4 72. Nh5 g2 73. Rxg2 {[%eval 518,0]} Kd4
{[%eval -418,0]} 74. Rd2+ Ke3 75. Rd5 Ke4 76. Kc5 Ne5 77. Rd4+ Kf5 78. Kd5 Ng6
79. Ng3+ Kf6 80. Ke4 Kg5 81. Rd5+ Kf6 82. Rd6+ Kf7 83. Nf5 Nf8 84. Nh6+ Ke7 85.
Kd5 Nh7 86. Re6+ Kd7 87. Nf5 Ng5 {[%eval -739,0]} 88. Re7+ Kc8 89. Nd4 {[%emt
0:00:07] Matt in} 1-0

[Event "Mephisto Cup (40/120')"]
[Site "?"]
[Date "2011.??.??"]
[Round "6"]
[White "Mephisto 68030, Genius"]
[Black "Mephisto 68030, London"]
[Result "0-1"]
[WhiteElo "2278"]
[BlackElo "2270"]
[Annotator "xchessg"]
[PlyCount "153"]
[SourceDate "2009.11.09"]

{Stil Riskant, Bauern 70%, Figuren 80%, RF} 1. d4 Nf6 {[%eval 25,0] Stil Aktiv,
RF} 2. c4 e6 3. Nc3 Bb4 4. e3 O-O 5. Nf3 d5 6. Bd3 c5 7. O-O Nc6 8. a3 Bxc3 9.
bxc3 dxc4 10. Bxc4 Qc7 11. Bd3 e5 12. Qc2 Re8 13. Nxe5 Nxe5 14. dxe5 Qxe5 15.
f3 Be6 16. e4 c4 17. Be2 {[%eval 84,0] * Turnierbuch Klassik;} Qc5+ {[%eval 6,
0] *Turnierbuch normal;} 18. Kh1 Rad8 19. Rb1 b5 20. a4 {[%eval 100,0] A Tempo,
} Bd7 {[%eval -9,0]} 21. Rd1 {a Tempo} bxa4 22. Rd4 Bb5 {a Tempo} 23. Be3 Qc6 {
a Tempo} 24. Qd1 Rxd4 25. Bxd4 {[%eval 130,0]} a6 {[%eval -15,0]} 26. Qc1 Nd7
27. Qg5 f6 {a Tempo} 28. Qg3 Nc5 29. Rb2 Nd3 30. Rd2 {[%eval 93,0]} Nc1 {
[%eval 33,0]} 31. Rc2 Nxe2 32. Rxe2 Qe6 33. Kg1 Qe7 {a Tempo} 34. Ra2 Bc6 35.
Ra1 Rd8 36. Qf2 Qb7 37. Qf1 Qf7 38. Qb1 Bb5 {a Tempo} 39. Qe1 Qc7 40. Qh4 {
[%eval 12,0]} Rb8 {[%eval 51,0]} 41. e5 fxe5 42. Qg3 Re8 43. Ra2 Qe7 44. Re2 a3
45. Qe1 Ba4 46. Rxe5 Qd7 47. Rxe8+ Qxe8 48. Qg3 Qg6 49. Qb8+ Be8 {a Tempo} 50.
Qc7 {[%eval -87,0]} Bb5 {[%eval 96,0]} 51. Qb8+ Qe8 52. Qg3 g6 53. Kf2 a2 {a
Tempo} 54. Qc7 Qd7 55. Qe5 {[%eval -72,0]} Qxd4+ {[%eval 145,0]} 56. cxd4 a1=Q
57. Qe6+ Kf8 {a Tempo} 58. Qf6+ Ke8 {a Tempo} 59. Qh8+ Ke7 60. Qxh7+ {[%eval
-33,0]} Kd8 {[%eval 118,0]} 61. Qg8+ {a Tempo} Kc7 62. Qf7+ Kb6 63. Qxg6+ Ka5
64. d5 Qe5 {a Tempo} 65. Qe4 {[%eval -93,0]} Qxh2 {[%eval 190,0]} 66. Qe1+ Ka4
67. Qe4 Qd6 68. Ke3 Qc5+ 69. Kf4 Ka5 70. Qe3 {[%eval -184,0]} Qxd5 {[%eval 315,
0]} 71. Qc3+ Kb6 72. Kg3 {a Tempo} Qd3 73. Qf6+ Bc6 74. Qb2+ Kc7 75. Qg7+ Bd7
76. Qe5+ {[%eval -245,0]} Qd6 {[%eval 445,0]} 77. Qxd6+ {[%eval -345,0]} 0-1

[Event "Mephisto Cup (40/120')"]
[Site "?"]
[Date "2011.??.??"]
[Round "7"]
[White "Mephisto 68030, London"]
[Black "Mephisto 68030, Genius"]
[Result "1/2-1/2"]
[WhiteElo "2270"]
[BlackElo "2278"]
[Annotator "xchessg"]
[PlyCount "140"]
[SourceDate "2009.11.09"]

{Stil Aktiv, RF} 1. d4 d5 {Stil Riskant, Sel 10, RF 0.25, Bauer, Turm, Dame
110%, Laufer+Springer 100%} 2. c4 c6 3. Nf3 Nf6 4. Nc3 dxc4 5. a4 Bf5 6. e3 e6
7. Bxc4 Bb4 8. O-O Nbd7 9. Nh4 Bg6 10. Qb3 Qb6 11. g3 a5 12. Nxg6 hxg6 13. Rd1
O-O-O 14. Bf1 Rh5 15. Bg2 Rdh8 16. h3 g5 17. e4 g4 18. h4 Nh7 19. d5 {[%eval
133,0] *Turnierbuch normal;} (19. Be3 $16 {[%emt 0:00:10] Junior}) 19... g5 $6
{[%eval -84,0] *Turnierbuch normal;} (19... Bc5 20. Qxb6 Bxb6 $13 {[%emt 0:00:
10] Junior}) 20. dxe6 $6 (20. Be3 $16) 20... Nc5 {[%eval -39,0] a Tempo;} 21.
Qc4 {[%eval 84,0]} fxe6 {a Tempo} 22. Qd4 Rd8 {a Tempo} 23. Qxd8+ Qxd8 24.
Rxd8+ Kxd8 25. f3 Nb3 {[%eval -54,0] a Tempo;} 26. fxg4 {[%eval 57,0]} Rh6 27.
Bxg5+ Nxg5 28. Rd1+ Kc7 29. hxg5 {a Tempo} Rg6 30. Bf3 {[%eval 0,0] a Tempo;}
Rxg5 {[%eval 6,0]} 31. Kg2 Bxc3 32. bxc3 Rc5 33. c4 Rxc4 34. g5 Rc5 35. Rd3 {
[%eval -63,0] a Tempo,} Nc1 {[%eval 93,0]} 36. Rd1 {a Tempo} Na2 37. Ra1 {a
Tempo} Nb4 38. g6 Rg5 39. Rh1 Rxg6 40. Rh7+ {[%eval -100,0]} Kb6 {[%eval 118,0]
} 41. Bh5 Rg8 42. Bf7 Rd8 43. Bxe6 Nd3 44. e5 Nxe5 45. Rh4 Re8 {[%eval 145,0]}
46. Bb3 Kc5 47. Re4 b5 48. g4 b4 {a Tempo} 49. g5 Re7 50. Kg3 Kd6 {[%eval 163,
0]} 51. Rd4+ Kc7 52. Re4 {a Tempo} c5 53. Re2 {a Tempo} Kc6 54. Re1 {a Tempo}
Kb6 55. Re4 {[%eval -124,0]} Ka6 56. Bd5 Ka7 $2 (56... Ng6 $15) 57. Kf4 Nd3+
58. Ke3 (58. Kf5 $14) 58... Re5 $2 (58... Ne5 $11) 59. Bf7 {[%eval 21,0]} c4 {
[%eval -21,0]} 60. g6 (60. Rxe5) 60... Rg5 61. Rxc4 (61. Bxc4 $14 {[%emt 0:00:
10] Junior}) 61... Rg3+ 62. Kd4 Nf4 (62... Nb2 63. Rc5) 63. Rc5 Kb6 64. Re5 {
a Tempo} Kc7 65. Rxa5 {[%eval 51,0] a Tempo;} Nxg6 {[%eval -27,0]} 66. Kc4 Rg4+
{a Tempo} 67. Kb3 Ne7 68. Rc5+ Kd6 69. Rh5 Nc6 70. Be8 {[%eval 24,0]} Rg3+ {
[%eval -9,0]} 1/2-1/2

[Event "Mephisto Cup (40/120')"]
[Site "?"]
[Date "2011.??.??"]
[Round "8"]
[White "Mephisto 68030, Genius"]
[Black "Mephisto 68030, London"]
[Result "1-0"]
[WhiteElo "2278"]
[BlackElo "2270"]
[Annotator "xchessg"]
[PlyCount "120"]
[SourceDate "2009.11.09"]

{Stil Riskant, RF 0.25, Bauer+Dame+Turm 1 %, L+S 100%, sel 10} 1. c4 Nf6 {
[%eval 25,0] Stil Aktiv, RF} 2. Nf3 e6 3. g3 d5 4. Bg2 Be7 5. O-O O-O 6. cxd5 {
[%eval 42,0] Turnierbuch normal,} exd5 {[%eval 12,0] ..*Turnierbuch normal,} 7.
d4 c6 8. Nc3 Bf5 9. Bg5 Nbd7 10. Rc1 {[%eval 9,0]} h6 {[%eval 45,0]} 11. Bf4
Nh5 12. Bd2 Qb6 13. Na4 Qb5 14. a3 Bd6 15. b4 {[%eval 3,0]} Rae8 {[%eval 24,0]}
16. e3 {a tempo} Nhf6 17. Nc5 Bc7 {a tempo} 18. a4 Qb6 19. b5 cxb5 {a Tempo}
20. Nxd7 {[%eval 157,0]} Bxd7 {[%eval -118,0]} 21. a5 Qd6 {a Tempo} 22. Qb3 Bc6
23. Bb4 Qd7 24. Qa3 Ne4 25. Ne5 {[%eval 200,0]} Rxe5 {[%eval -124,0]} 26. dxe5
Re8 27. f4 a6 28. Rfd1 Qe6 29. Qb2 f6 30. Bxe4 {[%eval 215,0] a Tempo;} dxe4 {
[%eval -127,0]} 31. exf6 {a Tempo} gxf6 32. Qc3 {a Tempo} Kh7 33. Qc5 {a Tempo}
Qg4 34. Rd2 Kg8 35. Qd4 {[%eval 196,0]} Re6 {[%eval -103,0]} 36. Rf1 Qh5 37.
Re1 Kh7 38. Red1 Kh8 39. Qc3 Kg8 40. Qb3 {[%eval 212,0]} Qf7 {[%eval -118,0]}
41. Kg2 f5 42. Bc3 Kh7 43. Qa2 {a Tempo} Qe7 44. Bb4 Qf7 45. Bd6 {[%eval 200,0]
} Bd8 {[%eval -112,0]} 46. Be5 {a Tempo} Be7 47. Qb3 {a Tempo} Qg6 48. Kh1 Qg8
49. Bb2 Qf7 {a Tempo} 50. Qc3 {[%eval 196,0]} Qf8 {[%eval -109,0]} 51. Ba1 Bb4
$2 52. Qb3 Bxd2 {[%eval -178,0]} 53. Qxe6 {[%eval 348,0]} Bxa5 54. Rd6 Be8 {
[%eval -224,0]} 55. Kg2 h5 56. Bf6 Qf7 {[%eval -269,0]} 57. Qxf5+ Kg8 {[%eval
-351,0]} 58. Qg5+ {a Tempo} Qg6 {[%eval -593,0]} 59. Qd5+ {a Tempo} Bf7 60.
Qxb7 {[%eval 730,0]} h4 {[%eval -645,0]} 1-0

[Event "Mephisto Cup (40/120')"]
[Site "?"]
[Date "2011.??.??"]
[Round "9"]
[White "Mephisto 68030, London"]
[Black "Mephisto 68030, Genius"]
[Result "1/2-1/2"]
[WhiteElo "2270"]
[BlackElo "2278"]
[Annotator "xchessg"]
[PlyCount "118"]
[SourceDate "2009.11.09"]

{Stil Aktiv, RF} 1. c4 e5 {[%emt 0:00:08] Stil Riskant, RF 0.25, B+D+T 110%,
L+S 100%, Sel} 2. Nc3 Nf6 3. Nf3 Nc6 4. g3 Bb4 5. Bg2 O-O 6. O-O e4 7. Ne1 Bxc3
8. dxc3 h6 9. Nc2 b6 10. Ne3 Bb7 11. Nd5 Ne5 12. b3 Re8 13. a4 d6 14. Ra2 Ned7
15. f4 exf3 {[%eval 21,0] *Turnierbuch Normal;} 16. Rxf3 {[%eval 21,0]
*Turnierbuch normal;} Ne4 {a Tempo} 17. Rf4 Bxd5 {[%eval 18,0]} 18. Qxd5 Ndf6
19. Qd3 Qe7 20. a5 {[%eval 36,0] a Tempo;} Rac8 {[%eval 15,0]} 21. axb6 {a
Tempo} axb6 22. b4 Qe5 23. Ra3 Re7 24. Rf1 Rce8 25. Bf4 {[%eval 6,0]} Qh5 {
[%eval 27,0]} 26. Qf3 {a Tempo} Ng4 27. h3 Ngf6 28. Kh2 Qg6 29. Ra7 Nh5 30. Qd3
{[%eval 0,0]} Qe6 {[%eval 33,0]} 31. g4 Nxf4 32. Rxf4 {a Tempo} Nf6 33. Rf2 Qd7
34. Bf3 Ne4 35. Rf1 {[%eval -57,0]} Ng5 {[%eval 106,0] a Tempo;} 36. Qd4 Nxf3+
37. exf3 Qc8 38. Rfa1 Qb8 39. Qd3 Re2+ 40. Kg3 {[%eval -6,0]} Qd8 {[%eval 57,0]
} 41. Qxe2 Rxe2 {[%eval -33,0]} 42. Ra8 Qf8 43. Rxf8+ Kxf8 44. Ra7 Re7 45. h4 {
[%eval 12,0]} Ke8 46. Kf2 Kd7 47. Ra8 Re8 48. Rxe8 Kxe8 49. Ke3 Ke7 50. Kd4 {
[%eval 3,0]} Ke6 {[%eval 9,0]} 51. Ke4 {a Tempo} g5 52. h5 c6 53. f4 {a Tempo}
f6 54. f5+ {a Tempo} Ke7 55. Kd4 Ke8 {a Tempo} 56. c5 bxc5+ {a Tempo} 57. bxc5
Kd7 58. c4 dxc5+ 59. Kxc5 Kc7 1/2-1/2

[Event "Mephisto Cup (40/120')"]
[Site "?"]
[Date "2011.??.??"]
[Round "10"]
[White "Mephisto 68030, Genius"]
[Black "Mephisto 68030, London"]
[Result "1-0"]
[WhiteElo "2278"]
[BlackElo "2270"]
[Annotator "xchessg"]
[PlyCount "163"]
[SourceDate "2009.11.09"]

{Stil Aktiv, RF} 1. e4 e5 {[%emt 0:00:08] Stil Riskant, RF 0.25, B+D+T 110 %,
S+L 100%, Sel} 2. Nf3 Nc6 3. d4 exd4 4. Nxd4 Nf6 5. Nxc6 bxc6 6. e5 Qe7 7. Qe2
Nd5 8. c4 Ba6 9. Nd2 g6 10. b3 Bg7 11. Bb2 Nb4 12. Nf3 c5 13. g3 O-O 14. Bg2 d5
15. O-O Rad8 16. Rfd1 dxc4 17. bxc4 Qe6 18. Bf1 Bb7 19. Ng5 Qf5 20. f4 h6 21.
Nf3 Qe4 {[%eval 18,0] *Turnierbuch normal;} 22. Qxe4 {[%eval 27,0]
*Turnierbuch normal;} Bxe4 {a tempo} 23. Ne1 Rxd1 {a Tempo} 24. Rxd1 Rb8 25. a3
{[%eval 30,0] a Tempo;} Nc2 {[%eval -6,0]} 26. Bc1 Nxe1 27. Rxe1 Bf5 28. Kf2
Be6 29. h4 Bf8 30. Re3 a5 31. Be2 Be7 32. Rc3 h5 33. Bd3 Kg7 34. Ke3 Bd7 35.
Be4 Rb6 36. Kd2 Rb8 37. Re3 Bf8 38. Kc3 Ba4 39. Bc2 Bc6 40. Re1 Rd8 41. Be3 Re8
42. Bf2 Rb8 43. Rb1 Rxb1 44. Bxb1 Be7 45. Bc2 Kh6 46. Bd1 Kh7 47. Be3 Kg8 48.
f5 {[%eval 96,0]} Bf8 {[%eval -112,0] a Tempo;} 49. f6 Kh7 50. g4 {[%eval 133,
0]} hxg4 {[%eval -127,0]} 51. Bxg4 Ba4 52. e6 fxe6 53. Bxe6 Bd6 54. Kd3 {a
Tempo} Bc6 55. Bd2 a4 {[%eval -154,0] a Tempo;} 56. Bc3 Kh6 {a Tempo} 57. f7
Bf8 58. Bf6 Bg2 {a Tempo} 59. Ke2 Be4 60. Bg4 {[%eval 136,0]} Bf5 {[%eval -121,
0]} 61. Kf3 {a Tempo} Bd3 62. Be6 {a Tempo} Bf5 63. Bd5 Bd7 64. Ke3 c6 {a Tempo
} 65. Bf3 {[%eval 118,0]} Be6 {[%eval -115,0]} 66. Kd3 Bf5+ {a Tempo} 67. Kc3
Bg7 68. Bxg7+ {a Tempo} Kxg7 69. Bxc6 Kxf7 70. Bxa4 {[%eval 139,0]} Kg7 {
[%eval -130,0]} 71. Bc6 Kh6 72. Bb7 Bd7 73. Kb3 {a Tempo} Bg4 74. Ka4 Bd7+ 75.
Ka5 {[%eval 239,0] a Tempo;} Kh5 {[%eval -257,0]} 76. Kb6 Kxh4 77. Kxc5 g5 78.
Kd6 Bf5 {a Tempo} 79. c5 g4 {a Tempo} 80. c6 {[%eval 227,0]} g3 {[%eval -336,0]
} 81. c7 Kh3 82. Ke7 {[%eval 548,0]} 1-0

[Event "Mephisto Cup (40/120')"]
[Site "?"]
[Date "2011.??.??"]
[Round "1"]
[White "Mephisto ARM2, RISC 1.2."]
[Black "Mephisto 68030, Genius"]
[Result "1/2-1/2"]
[WhiteElo "2263"]
[BlackElo "2278"]
[Annotator "xchessg"]
[PlyCount "143"]
[SourceDate "2009.11.09"]

1. d4 d5 {[%eval 25,0] Stil Aktiv; RF} 2. c4 dxc4 3. Nf3 a6 4. e3 Bg4 5. Bxc4
e6 6. h3 Bh5 7. Nc3 Nf6 8. g4 Bg6 9. Ne5 Nbd7 10. Nxg6 hxg6 11. Bf1 c6 12. g5 {
[%eval 9,0] *Turnierbuch;} Nd5 {[%eval 27,0] *Turnierbuch normal;} 13. e4 Nxc3
14. bxc3 Be7 15. f4 {[%eval 10,0]} Qa5 {[%eval 54,0]} 16. Bd2 Qa3 17. Qb3 Qxb3
18. axb3 O-O-O 19. Bg2 Rh4 20. Ke2 {[%eval 53,0]} Rdh8 {[%eval 3,0]} 21. c4 Kb8
22. Rhf1 R4h7 {a Tempo} 23. b4 Rd8 24. Bc3 Nb6 25. c5 {[%eval 69,0]} Na8 {
[%eval 6,0]} 26. Bb2 Nc7 27. Kd3 {a Tempo} f6 28. gxf6 gxf6 29. Rae1 a5 30.
bxa5 Bxc5 {[%eval 27,0]} 31. Kc4 {[%eval 18,0]} Ba7 {a Tempo} 32. Rd1 f5 33.
Rd3 Nb5 34. e5 {a Tempo} Rh4 35. a6 {[%eval -9,0]} bxa6 {[%eval 60,0]} 36. Bxc6
Rc8 37. d5 exd5+ {a Tempo} 38. Kxd5 Rd8+ {a Tempo} 39. Kc4 Rxd3 40. Kxd3 {
[%eval -9,0]} Rxh3+ {[%eval 21,0]} 41. Kc4 Nc7 42. Rb1 Kc8 43. Rd1 {a Tempo}
Rh4 44. Bc1 {a Tempo} Rh2 45. Bd7+ {[%eval 42,0]} Kb7 {[%eval -3,0]} 46. Rd2
Rh7 47. Rd6 Rg7 48. Bc6+ Kc8 49. Rf6 Nb5 50. Bxb5 {[%eval 89,0]} axb5+ 51. Kxb5
Kc7 52. Bd2 Kd8 53. Kc6 Rc7+ 54. Kd5 Rd7+ 55. Rd6 {[%eval 120,0]} Bb8 {[%eval
-106,0]} 56. Ba5+ Ke7 57. Rxd7+ Kxd7 58. Bb6 Ke7 59. Bc5+ Kf7 60. Bd4 {[%eval
126,0]} Ke7 61. Bb6 {a Tempo} Kd7 62. Bf2 {a Tempo} Ke7 63. Be1 Bc7 64. Bh4+
Kd7 65. Bg5 {[%eval 102,0]} Ba5 {[%eval -69,0]} 66. e6+ Ke8 {a Tempo} 67. Kc5
Bc3 68. Kb5 {a Tempo} Bd4 69. Kc6 Ba7 70. Kd6 Bb8+ 71. Kc5 Bc7 {[%eval -42,0]}
72. Kc6 {[%eval 88,0]} 1/2-1/2